[Event "37th Zalakaros Festival 2018"]
[Site "Zalakaros"]
[Date "2018.05.25"]
[Round "1"]
[White "Molnar Gabor, Roland"]
[Black "Csonka, Attila Istvan"]
[Result "0-1"]
[WhiteElo "2021"]
[BlackElo "2372"]
[Annotator "RC"]
[PlyCount "104"]
[EventDate "2018.??.??"]
[EventType "swiss"]
[EventCountry "HUN"]
[SourceTitle "playchess.com"]
[Source "ChessBase"]
[SourceQuality "1"]
[TimeControl "40/5400+30:1800+30"]

1. d4 {[%emt 0:00:06]} Nf6 {[%emt 0:00:36]} 2. Nf3 {[%emt 0:00:06]} e6 {[%emt 0:00:05]} 3. Bf4 {[%emt 0:00:20]} b6 {[%emt 0:00:11]} 4. e3 Bb7 5. Bd3 {[%emt 0:01:28]} Be7 {[%emt 0:03:26]} 6. h3 {[%emt 0:03:37]} O-O {[%emt 0:01:29]} 7. Nbd2 {[%emt 0:00:34]} d5 {[%emt 0:02:58]} 8. Ne5 {[%emt 0:02:17]} Nbd7 {[%emt 0:01:40]} 9. Qf3 {[%emt 0:01:00]} Nxe5 {[%emt 0:05:29]} 10. Bxe5 {[%emt 0:00:02]} c5 {[%emt 0:01:24]} 11. c3 {[%emt 0:00:02]} Qc8 {[%emt 0:05:13]} 12. h4 {[%emt 0:04:52]} Qc6 {[%emt 0:08:24]} 13. Qg3 {[%emt 0:17:30]} Rad8 {[%emt 0:11:36]} 14. Qg5 {[%emt 0:05:02]} cxd4 {[%emt 0:09:51]} 15. exd4 {[%emt 0:00:57]} h6 {[%emt 0:00:11]} 16. Qg3 {[%emt 0:03:50]} Bd6 {[%emt 0:00:49]} 17. Nf3 {[%emt 0:07:19]} Qc7 {[%emt 0:04:15]} 18. O-O {[%emt 0:03:29]} Bxe5 {[%emt 0:02:34]} 19. Nxe5 {[%emt 0:02:36]} Ne4 {[%emt 0:03:01]} 20. Qh3 {[%emt 0:11:20]} Rd6 {[%emt 0:03:18]} 21. Rad1 {[%emt 0:01:27]} b5 {[%emt 0:05:48]} 22. f3 {[%emt 0:03:47]} Nf6 {[%emt 0:00:11]} 23. g4 {[%emt 0:00:53]} Nd7 {[%emt 0:02:47]} 24. Nxd7 {[%emt 0:06:49]} Qxd7 {[%emt 0:01:49]} 25. g5 {[%emt 0:00:38]} h5 {[%emt 0:01:21]} 26. g6 {[%emt 0:02:30]} Qe7 {[%emt 0:04:39]} 27. gxf7+ {[%emt 0:04:19]} Rxf7 {[%emt 0:03:47]} 28. f4 {[%emt 0:00:57]} Rf6 {[%emt 0:01:05]} 29. Rd2 {[%emt 0:02:06]} b4 {[%emt 0:01:58]} 30. cxb4 {[%emt 0:01:16]} Rb6 {[%emt 0:00:09]} 31. a3 {[%emt 0:01:02]} Ba6 {[%emt 0:00:10]} 32. Rg2 {[%emt 0:05:06]} Bxd3 {[%emt 0:01:08]} 33. Qxd3 {[%emt 0:00:01]} Rc6 {[%emt 0:01:13]} 34. Rg5 {[%emt 0:00:25]} Qf7 {[%emt 0:00:40]} 35. Qd2 {[%emt 0:05:40]} Rc8 {[%emt 0:02:25]} 36. Kg2 {[%emt 0:00:53]} Rf5 {[%emt 0:01:37]} 37. Rf2 {[%emt 0:01:36]} Rf8 {[%emt 0:03:56]} 38. Kg3 {[%emt 0:00:15]} Qc7 {[%emt 0:01:57]} 39. Qc3 {[%emt 0:00:00]} Qd7 {[%emt 0:00:00]} 40. Qe3 {[%emt 0:00:00]} Qd6 {[%emt 0:04:53]} 41. Qc1 {[%emt 0:21:35]} Rxg5+ {[%emt 0:05:58]} 42. hxg5 {[%emt 0:00:02]} Rf5 {[%emt 0:01:02]} 43. Kf3 {[%emt 0:06:33]} Rf8 {[%emt 0:06:06]} 44. Re2 {[%emt 0:01:20]} Qd7 {[%emt 0:01:02]} 45. Rg2 {[%emt 0:04:44]} e5 {[%emt 0:04:34]} 46. dxe5 {[%emt 0:00:44]} d4 {[%emt 0:00:07]} 47. Qc4+ {[%emt 0:01:07]} Kh8 {[%emt 0:00:08]} 48. b5 {[%emt 0:01:04]} Qh3+ {[%emt 0:02:18]} 49. Rg3 {[%emt 0:00:33]} Qh1+ {[%emt 0:00:08]} 50. Rg2 {[%emt 0:00:15]} h4 {[%emt 0:00:35]} 51. Qc5 {[%emt 0:00:43]} Qh3+ {[%emt 0:00:19]} 52. Kf2 {[%emt 0:00:19]} Qe3+ {[%emt 0:00:07]} 0-1

[Event "37th Zalakaros Festival 2018"]
[Site "Zalakaros"]
[Date "2018.05.25"]
[Round "1"]
[White "Draganic, Stjepan"]
[Black "Galyas, Miklos"]
[Result "1/2-1/2"]
[WhiteElo "2006"]
[BlackElo "2508"]
[Annotator "TA"]
[PlyCount "96"]
[EventDate "2018.??.??"]
[EventType "swiss"]
[EventCountry "HUN"]
[SourceTitle "playchess.com"]
[Source "ChessBase"]
[SourceQuality "1"]

{[%evp 11,96,-12,-8,-25,-25,-46,-33,-120,-92,-99,-105,-125,-119,-133,-127,-105,-112,-111,-113,-143,-110,-105,-98,-147,-140,-128,-122,-134,-102,-134,-121,-116,-121,-133,-118,-208,-182,-215,-212,-349,-316,-323,-308,-352,-338,-445,-438,-424,-220,-221,-69,-75,-62,-62,-21,-18,0,-7,-8,-8,11,-8,-8,-8,-8,-8,0,0,0,0,0,0,0,0,0,0,0,0,0,0,0,0,0,0,8,8,8]} 1. d4 d6 2. Bf4 g6 3. e3 Bg7 4. c3 Nd7 5. Nf3 e5 6. Bg3 Qe7 {LiveBook: 9 Games. A41: 1 d4 d6: Tartakower System and Modern Defence} 7. Na3 a6 8. Qa4 Nh6 $146 {Black is slightly better.} ({Predecessor:} 8... Rb8 9. Be2 Nh6 10. Bh4 f6 11. dxe5 dxe5 12. e4 O-O 13. Qc4+ Nf7 14. Qxc7 {0-1 (63) Kaabi,M (2330)-Lazic,M (2439) Monastir 2013}) 9. Bb5 (9. dxe5 $15 dxe5 10. Bh4) 9... O-O 10. Bxd7 Bxd7 ({Much worse is} 10... Qxd7 $6 11. Qxd7 Bxd7 12. dxe5 $14) 11. Qb4 e4 12. Bh4 Qe8 13. Nd2 b5 14. Qa5 Nf5 15. Bg3 c6 {[%cal Bc7c6,Bc6c5][%mdl 32]} 16. Nc2 Qe7 17. O-O h5 {Hoping for ...h4.} 18. h3 Nxg3 19. fxg3 f5 20. a4 c5 21. axb5 Bxb5 22. Rf2 Bd3 23. Nf1 (23. Ne1 $17) 23... Kh7 24. b4 Rfc8 25. Ne1 (25. Rc1 $142) 25... Bxf1 $19 26. Kxf1 Qg5 27. bxc5 dxc5 ({Weaker is} 27... Qxg3 28. cxd6 Qxd6 29. Rb1 $17) 28. g4 fxg4 29. hxg4 Qxe3 (29... Rf8 $142 30. Raa2 Qh4 31. gxh5 Qh1+ 32. Ke2 Qxh5+ 33. Nf3 exf3+ 34. gxf3 {[#]} Rxf3 $1 {[%mdl 512]} 35. Rxf3 Rf8) 30. gxh5 gxh5 $2 ({Black should play} 30... cxd4 $19 31. hxg6+ Kh6) 31. Raa2 $1 $15 Qg5 {aiming for ...Qh4.} 32. Rae2 e3 33. Rf3 $1 {The position is equal.} Rf8 (33... Qd8 {looks sharper.} 34. Qxd8 Rxd8 35. dxc5 Rac8 36. Rexe3 Rxc5 37. Re7 Kh8) 34. Qxc5 (34. dxc5 {is interesting.} Qe5 35. Qa4 Rae8 36. Qxa6 Qxc5 37. Qd3+) 34... Qxc5 35. dxc5 Bh6 36. Rxf8 Rxf8+ $11 {[%mdl 4096] Endgame KRB-KRN} 37. Nf3 Rc8 38. Ra2 Rc6 39. Ra5 {[#] Black must now prevent Nd4.} Bf8 40. Ng5+ Kg6 41. Ne4 Kf5 42. Nd6+ Ke6 43. Ke2 Kd5 44. Nf5 Kc4 45. Nd4 Rxc5 46. Rxa6 Rg5 47. Kxe3 Kxc3 48. Ne2+ Kc4 {Precision: White = 58%, Black = 63%.} 1/2-1/2

[Event "37th Zalakaros Festival 2018"]
[Site "Zalakaros"]
[Date "2018.05.25"]
[Round "1"]
[White "Friml, Antonin"]
[Black "Horvath, Adam"]
[Result "0-1"]
[WhiteElo "1995"]
[BlackElo "2481"]
[Annotator "TA"]
[PlyCount "54"]
[EventDate "2018.??.??"]
[EventType "swiss"]
[EventCountry "HUN"]
[SourceTitle "playchess.com"]
[Source "ChessBase"]
[SourceQuality "1"]

{[%evp 19,54,-3,-17,-15,0,0,-6,-52,-39,-53,-16,-75,-38,-54,-6,-95,-88,-191,-172,-232,-233,-342,-322,-372,-380,-531,-524,-483,-515,-704,-713,-870,-528,-1401,-1348,-3017,-1645]} 1. e4 c5 2. Nf3 e6 3. d4 cxd4 4. Nxd4 Nc6 5. Nxc6 bxc6 6. Bd3 Nf6 7. O-O d5 8. Nd2 Be7 9. Re1 O-O {B40: Sicilian: 2...e6, Unusual lines} 10. e5 (10. c3 a5 11. e5 Nd7 12. Nf3 c5 13. Bf4 Ba6 14. Bc2 Rb8 15. Qd2 Re8 16. h4 d4 17. cxd4 cxd4 {1-0 (26) Lomasov,S (2305)-Bukavshin,I (2647) Voronezh 2015}) 10... Nd7 {LiveBook: 6 Games} 11. Nf3 a5 {The position is equal.} 12. Nd4 Qb6 $146 ({Predecessor:} 12... Bc5 13. c3 Ba6 14. Bc2 Bxd4 15. cxd4 f5 16. b3 Qe7 17. Re3 {½-½ (74) Mishnaevsky,G (2075)-Hatvany,P (1881) IECC email 2000}) 13. a4 (13. Qg4 {looks sharper.} c5 14. Qh3 g6 15. Nf3 c4 16. Bf1) 13... Ba6 14. Bxa6 {[#] aiming for Bd3.} Rxa6 15. c3 (15. Qg4 $11) 15... Qb8 16. Qe2 Rb6 17. f4 (17. b4 $1 $11 {remains equal.} Qa8 18. Qg4) 17... Bc5 18. f5 {[#]} (18. Qf2 $17) 18... exf5 $1 $19 {[%cal Be6f5,Bf5f4][%mdl 32]} 19. e6 (19. Rb1 $142) 19... Nf6 20. Qf3 (20. Rf1 $142) 20... fxe6 21. Rxe6 Ne4 22. Kh1 Bxd4 {Black is clearly winning.} 23. cxd4 f4 24. Re7 Rb3 25. Qf1 Qb4 26. Re6 Qxd4 27. Rxc6 Rd3 {Precision: White =  9%, Black = 69%.} 0-1

[Event "37th Zalakaros Festival 2018"]
[Site "Zalakaros"]
[Date "2018.05.25"]
[Round "1"]
[White "Vrchotka, Josef"]
[Black "Chernyshov, Konstantin"]
[Result "0-1"]
[WhiteElo "1984"]
[BlackElo "2478"]
[Annotator "TA"]
[PlyCount "146"]
[EventDate "2018.??.??"]
[EventType "swiss"]
[EventCountry "HUN"]
[SourceTitle "playchess.com"]
[Source "ChessBase"]
[SourceQuality "1"]

{[%evp 13,146,38,92,35,53,53,57,53,48,53,75,49,53,47,46,49,53,29,31,0,25,9,31,-34,-21,-35,-33,-50,-39,-38,0,-58,-22,-22,-22,-41,-20,-20,-20,-20,-20,-20,-20,-49,-52,-48,-40,-54,-40,-40,-16,-35,-34,-39,-34,-34,-34,-40,-26,-34,-26,-50,-50,-50,-50,-116,-116,-384,-374,-360,-300,-377,-380,-368,-371,-371,-352,-368,-366,-323,-321,-293,-370,-351,-250,-164,-8,-8,-62,-62,-427,-333,-433,-238,-434,-425,-417,-405,-395,-391,-340,-329,-297,-322,-268,-375,-446,-446,-446,-439,-440,-430,-440,-439,-439,-407,-433,-370,-374,-376,-371,-274,-322,-859,-232,-231,-227,-1879,-1285,-471,-33,-471,-446,-29984,-29985]} 1. e4 g6 2. d4 Bg7 3. Nc3 a6 4. f4 b5 5. Nf3 Bb7 6. Bd3 d6 7. e5 {B06: Modern Defence} e6 {LiveBook: 28 Games} (7... c5 $14) 8. Be4 ({White should try} 8. a4 $16) (8. O-O Nd7 9. a4 bxa4 10. Rxa4 Ne7 11. Qe2 a5 12. Be3 Nb6 13. Ra3 O-O 14. Bf2 Nf5 {½-½ (32) Wei,Y (2737)-Yu,Y (2734) Taizhou 2015}) 8... Bxe4 9. Nxe4 {White is slightly better.} d5 10. Nc5 Nd7 11. Nd3 Ne7 12. O-O h5 $146 ({Predecessor:} 12... O-O 13. Be3 f6 14. exf6 Bxf6 {1-0 (45) Karjakin,S (2489)-Chadaev,N (2218) Moscow 2002}) 13. Be3 Nf5 14. Bf2 Bf8 15. Qe1 Be7 16. g3 c6 17. Kg2 Qc7 18. b4 (18. h3 $14) 18... a5 19. a3 Nb6 20. c3 Nc4 21. Qe2 Ra6 22. Nb2 (22. Nc5 $11 Bxc5 23. bxc5) 22... Kd7 23. Nxc4 bxc4 24. Rfb1 Qa7 {Threatens to win with ...axb4.} 25. Qb2 axb4 26. axb4 Ra8 {[%cal Ra6a1]} 27. Rxa6 $1 Qxa6 28. h3 Qa2 29. g4 Ng7 30. Be3 hxg4 31. hxg4 Ne8 32. Bc1 Nc7 {White must now prevent ...Nb5.} 33. Qxa2 Rxa2+ 34. Rb2 Ra1 35. Rc2 Kc8 36. g5 Kb7 37. Kf2 Kb6 38. Ke2 Kb5 39. Bb2 (39. Ng1 $15) 39... Rh1 $1 $17 40. Rc1 $2 {[%mdl 8192]} (40. Kd2 $17 {keeps fighting.}) 40... Rxc1 $1 $19 41. Bxc1 {[%mdl 4096] Endgame KBN-KBN} Ka4 $1 42. Nd2 Nb5 43. Bb2 {[#]} Bxb4 $1 {[%mdl 512]} 44. cxb4 c3 45. Bxc3 Nxc3+ {KN-KN} 46. Kd3 Kxb4 47. Nf3 Ne4 48. Nh2 c5 49. dxc5 Nxc5+ $2 (49... Kxc5 $19 {aiming for ...Ng3.} 50. Nf3 Kb4) 50. Kd4 $11 Nb3+ 51. Kd3 Kc5 $2 {[%mdl 8192]} (51... Kb5 $15) 52. Ng4 $19 d4 $1 53. Nf6 Nc1+ 54. Kd2 Na2 55. Ne4+ Kd5 56. Nf6+ Kc4 57. Ne4 {intending Nd6+.} Nb4 58. Nd6+ {[#]} Kd5 $1 {[%cal Rd5c5]} 59. Nxf7 Ke4 60. Nd8 Kf5 61. Ke2 Nd5 62. Kd3 Nxf4+ 63. Kxd4 Kxg5 64. Ke4 Kg4 65. Nc6 Nh5 66. Nd4 {[#]} Ng7 $1 67. Ne2 g5 {[%cal Bg6g5,Bg5g4][%mdl 32]} 68. Nd4 $2 (68. Ke3) 68... Kh5 $2 (68... Kh3 69. Ne2 Kg2) 69. Kf3 Kh4 70. Nc6 $2 (70. Ne2) 70... g4+ 71. Kg2 Kg5 $2 ({Better is} 71... Nf5 $19 {...g3 is the strong threat.} 72. Nd8 Nd4) 72. Nb4 $2 {[%mdl 8192]} (72. Nd4 $15) 72... Nh5 73. Nd3 (73. Kf2 $19 Kf4 74. Nc6) 73... Nf4+ {Precision: White = 39%, Black = 49%.} 0-1

[Event "37th Zalakaros Festival 2018"]
[Site "Zalakaros"]
[Date "2018.05.25"]
[Round "1"]
[White "Takac, Zvonko"]
[Black "Chakravarthi Reddy, M."]
[Result "1-0"]
[WhiteElo "1977"]
[BlackElo "2443"]
[Annotator "TA"]
[PlyCount "85"]
[EventDate "2018.??.??"]
[EventType "swiss"]
[EventCountry "HUN"]
[SourceTitle "playchess.com"]
[Source "ChessBase"]
[SourceQuality "1"]

{[%evp 17,85,27,43,13,37,0,17,17,28,-12,53,54,49,63,70,50,74,66,48,26,89,67,220,214,206,126,135,119,227,133,399,388,1110,257,259,220,210,205,206,196,211,212,225,204,202,226,224,204,210,200,174,179,172,178,156,154,170,195,237,268,271,267,283,302,405,405,491,468,642,640]} 1. d4 {[%cal Bd2d4,Bd4d5][%mdl 32]} c5 2. d5 f5 3. Nf3 Nf6 4. c4 g6 5. Nc3 Bg7 6. g3 O-O 7. Bg2 d6 8. O-O Na6 9. Re1 Nc7 {LiveBook: 8 Partien. A87: Holländische Verteidigung (Leningrader Variante)} 10. e4 (10. Qd3 Rb8 11. a4 b6 12. Bg5 a6 13. b3 b5 14. axb5 axb5 15. Ra7 b4 16. Na4 Rb7 17. Rxb7 Bxb7 {½-½ (49) Nechepurenko,R (2501)-Bartel,M (2596) Dresden 2007}) 10... fxe4 11. Nxe4 b5 {Die Stellung ist ausgeglichen.} 12. Nxf6+ Bxf6 13. Bh6 Re8 $146 (13... bxc4 $11 14. Bxf8 Qxf8) ({Vorgänger:} 13... bxc4 14. Bxf8 Qxf8 15. Rc1 Rb8 16. Rxc4 Rxb2 17. Rc2 {0-1 (36) Masculo,J (2300)-Mann de Toledo,J Sao Paulo 1983}) 14. b3 $14 bxc4 15. bxc4 Rb8 16. Rb1 Bf5 17. Rxb8 Qxb8 18. Nh4 Bd7 (18... Bxh4 $1 $11 {bleibt in der Remisbreite.} 19. gxh4 Qb2) 19. Qd3 $16 Kf7 $2 {[#]} ({Günstiger ist} 19... Qb4 $14 20. Rb1 Qc3 21. Qxc3 Bxc3) 20. Be4 $1 $18 {[%cal Re4g6] Droht Matt per Lxg6+!} Rg8 21. Rb1 Qc8 22. Nf3 Qa6 (22... Ne8 $16 23. Re1 Rh8) 23. Qc2 ({Lieber} 23. h4 $18) 23... Ba4 $2 {[%mdl 8192]} (23... Ne8 $16 {war einen Versuch wert.} 24. Qe2 Qc8) 24. Qe2 Ne8 $2 {[#]} (24... Qc8 25. Ng5+ Bxg5) 25. Bd3 $2 (25. Bf5 $1 {[%mdl 512]} gxf5 26. Qe6+ Kg6 27. Nh4+ Kxh6 28. Nxf5+ Kg6 29. Nxe7+ Kh6 30. Nxg8+ Kg7 31. Rb8 Qxc4 32. Rb7+ Kg6 33. g4) 25... Bd7 26. Re1 {Weiss will mit De6+! Matt setzen.} Ng7 27. Ng5+ Bxg5 28. Bxg5 {[%csl Ge1,Gg5][%cal Re2e7]} Re8 29. Qf3+ ({Und nicht} 29. Bxe7 Qc8 $11) 29... Kg8 30. Rxe7 Rxe7 31. Bxe7 {[%csl Ge7][%cal Rf3f8]} Nf5 32. Bxf5 Bxf5 33. g4 Qb7 {Weiss muss nun ...Db1+ beachten.} 34. gxf5 {De4 ist eine echte Drohung.} ({Jedoch nicht} 34. Bxd6 $2 Qb1+ 35. Kg2 Be4 $19) 34... Qxe7 35. fxg6 hxg6 {[%mdl 4096] Endspiel KD-KD} 36. Qe3 Qd8 37. Kg2 Kg7 38. Kg3 Qf6 39. h4 Kh7 40. f3 Qa1 41. Qe7+ Kh6 {beabsichtigt ...Dg1+.} 42. Qxd6 Qe1+ 43. Kg4 {Precision: Weiß = 62%, Schwarz = 22%.} 1-0

[Event "37th Zalakaros Festival 2018"]
[Site "Zalakaros"]
[Date "2018.05.25"]
[Round "1"]
[White "Majoros, Rozsa Evelin"]
[Black "Meszaros, Tamas"]
[Result "1/2-1/2"]
[WhiteElo "1967"]
[BlackElo "2407"]
[Annotator "TA"]
[PlyCount "98"]
[EventDate "2018.??.??"]
[EventType "swiss"]
[EventCountry "HUN"]
[SourceTitle "playchess.com"]
[Source "ChessBase"]
[SourceQuality "1"]

{[%evp 16,98,0,-6,2,3,1,-70,16,-14,-21,-28,-17,-72,-48,-125,-121,-123,-120,-122,-122,-122,-135,-183,-181,-288,-248,-246,-170,-253,-248,-253,-220,-302,-312,-328,-324,-500,129,129,204,197,201,187,222,218,216,220,360,320,456,431,413,366,359,7,13,4,5,6,10,0,0,0,0,0,0,0,0,0,0,0,0,0,0,0,0,0,0,0,0,0,0,0,0]} 1. e4 e5 2. Nf3 Nc6 3. Bb5 Nf6 4. d3 Bc5 5. O-O Nd4 6. Nxd4 Bxd4 7. c3 {C65: Spanische Partie (Berliner-Verteidigung)} Bb6 8. d4 O-O 9. Bg5 {LiveBook: 5 Partien} Re8 $146 ({Vorgänger:} 9... h6 10. Bxf6 Qxf6 11. dxe5 Qxe5 12. Bd3 Rd8 13. Kh1 Qf4 14. Qd2 Qxd2 15. Nxd2 {0-1 (34) Polgar,J (2682)-Anand,V (2800) Kristiansund 2010}) 10. Re1 c6 11. Bc4 (11. Ba4 $11) 11... d6 (11... exd4 $15 12. Nd2 dxc3 13. bxc3 h6) 12. d5 h6 13. Be3 cxd5 14. exd5 (14. Bxd5 $11 {hält das Gleichgewicht.} Nxd5 15. exd5) 14... Ng4 {Und weiter mit ...Dh4 wäre nett.} 15. Nd2 (15. Bxb6 $1 $15 Qxb6 16. Qe2) 15... Bxe3 $17 16. fxe3 Qh4 $36 {[%mdl 2048] Schwarz bestimmt, wo es lang geht.} 17. Nf1 Qf2+ 18. Kh1 Qxb2 19. Qa4 Bf5 20. Bb5 (20. Qb3 {ist wohl besser.} Qf2 21. Re2) 20... a6 21. Be2 (21. Bxe8 {[#]} Be4 $1 $19 {[%mdl 512]}) 21... Nf2+ 22. Kg1 Ne4 23. Rab1 Qxc3 24. Rec1 b5 25. Qd1 Qa5 26. Rb3 (26. Bd3 $142 Bg6 27. Ra1) 26... Qxa2 $2 ({Besser ist} 26... Rec8 $19 27. Rxc8+ Rxc8) 27. Ra1 $16 Qxa1 (27... Nc3 $16 28. Rxc3 Qb2) 28. Qxa1 $18 Nc5 29. Rb4 Bd7 {Schwarz hofft, mit ...a5 fortzusetzen.} 30. Qa5 Rec8 31. Nd2 Nb7 (31... Bf5 $142 32. e4 Bg6) 32. Qb6 Rc1+ (32... a5 $142) 33. Kf2 Nc5 34. Ne4 Rc2 35. Ke1 $2 (35. Qxd6 Nd3+ 36. Kf3 Ne1+ 37. Kg3 a5 $18) (35. Nxc5 $18 dxc5 36. Rh4) 35... a5 $1 $11 {[%cal Ra5b4] [#]Die Stellung ist ausgeglichen.} ({Vergiftet wäre} 35... Nxe4 $2 36. Rxe4 Bf5 37. Rh4 $18) 36. Nxc5 $1 {[%mdl 512]} axb4 (36... Rxc5 37. Qxd6) 37. Nxd7 {Und Db7 würde nun gewinnen.} b3 {[%cal Bb4b3,Bb3b2][%mdl 32]} 38. Qxb5 b2 39. Kf2 {Droht Db3 und aus.} h5 40. Kf3 e4+ $1 41. Kf2 {zielt auf Sb6 ab.} (41. Kxe4 Rxe2 42. Kf3 Rd2) 41... Ra2 {Droht stark ...Txe2+!} (41... Ra1 $5 42. Qb8+ $8 Kh7 43. Nf8+ Kh6 $11) 42. Qb8+ Kh7 43. Nf8+ Kh6 {...Txe2+ ist eine echte Drohung.} 44. Kg3 Rxe2 45. Qxd6+ g6 46. Qf6 Rxg2+ (46... b1=Q $5 47. Qh8+ $8 Kg5 48. Nh7+ Kh6 49. Nf8+ Kg5 50. Nh7+ Kh6 51. Nf8+ $11) 47. Kh3 {jetzt Dh8+ und aus.} Rxh2+ (47... b1=Q $5 48. Qh8+ $8 Kg5 49. Nh7+ Kh6 50. Qf8+ Kxh7 51. Qxf7+ Kh8 52. Qf8+ Kh7 53. Qf7+ Kh8 54. Qf8+ Kh7 55. Qf7+ $11) 48. Kg3 $1 {[#] Weiss droht Dh8+ und Matt.} Rg2+ $1 {[%mdl 512]} 49. Kh3 {[#] Weiss will mit Dh8+ Matt setzen.} (49. Kxg2 b1=Q+) 49... Rh2+ $1 {[%mdl 512] Precision: Weiß = 50%, Schwarz = 58%.} 1/2-1/2

[Event "37th Zalakaros Festival 2018"]
[Site "Zalakaros"]
[Date "2018.05.25"]
[Round "1"]
[White "Juhasz, Judit"]
[Black "Tompa, Janos"]
[Result "0-1"]
[WhiteElo "1926"]
[BlackElo "2372"]
[Annotator "TA"]
[PlyCount "72"]
[EventDate "2018.??.??"]
[EventType "swiss"]
[EventCountry "HUN"]
[SourceTitle "playchess.com"]
[Source "ChessBase"]
[SourceQuality "1"]

{[%evp 28,72,22,32,53,47,42,4,129,0,0,-21,2,-33,0,-34,-32,-90,-83,-115,-18,-28,-8,-194,-24,-186,-171,-194,-191,-187,-111,-121,-118,-117,-100,-100,-106,-112,-109,-145,-134,-217,-212,-204,-211,-1176,-677]} 1. e4 c5 2. Nf3 e6 3. d4 cxd4 4. Nxd4 d6 5. Be2 Nf6 6. Nc3 a6 7. a4 Nc6 8. Be3 Qc7 9. O-O Be7 10. f4 O-O 11. Kh1 Bd7 12. Qe1 Nxd4 13. Bxd4 Bc6 14. Qg3 b6 {B85: Sicilian Scheveningen: 6 Be2 a6, lines with early Be3} (14... b5 15. axb5 axb5 16. Nxb5 Bxb5 17. Bxb5 Rxa1 18. Rxa1 Qxc2 19. Bd3 Qc7 20. b4 Nh5 21. Qg4 Nf6 22. Qd1 {1-0 (35) Efimenko,Z (2701)-Navara,D (2708) Wijk aan Zee 2011}) 15. Rae1 {LiveBook: 6 Games} Rfd8 16. Bd3 Qb7 {White is slightly better.} 17. Qh3 {Threatens to win with Bxf6.} (17. Bxf6 $5 Bxf6 18. e5 $11) 17... g6 {[#]} (17... h6 $1 $11) 18. e5 $146 (18. f5 $1 $16 {[%cal Rf5e6]} e5 19. Be3) ({Predecessor:} 18. f5 e5 19. Be3 b5 20. Bg5 Ne8 21. Bxe7 Qxe7 22. axb5 axb5 23. Bxb5 Bxb5 24. Nxb5 Rab8 25. c4 Nc7 26. f6 {1-0 (26) Zozulia,A (2332)-Avdeeva,V (2148) St Petersburg 2003}) 18... Nh5 {Black wants to play ...dxe5.} 19. Be4 dxe5 20. Bxe5 (20. Qf3 $5 {[%cal Re4c6]} exd4 21. Bxc6 $11) 20... f5 21. Bf3 Bxf3 22. Rxf3 ({White should play} 22. Qxf3 $15 Qxf3 23. Rxf3) 22... Rd2 $17 23. Rd3 Rd8 ({Better is} 23... Rxc2 $17 {...Rc8 is the strong threat.} 24. Red1 Rf2) 24. Rxd8+ $11 Bxd8 25. Rd1 $2 (25. Re2 $11 {and White is okay.} Rxe2 26. Nxe2) 25... Rxd1+ $19 26. Nxd1 Qe4 {[%cal Re4e1]} 27. Qc3 Nxf4 {[%csl Gf4][%cal Re4g2]} 28. Ne3 {[#]} Nd5 $40 {[%mdl 128] Black attacks with force.} ({Don't take} 28... Qxa4 29. b3 $17) ({Black should try} 28... Kf7 $1 $19 29. Qd4 Qxd4 30. Bxd4 Ne2) 29. Nxd5 $17 Qxd5 30. h3 Qc5 31. Qd3 Be7 ({Much weaker is} 31... Qxe5 $6 32. Qxd8+ Kf7 33. Qd7+ Kg8 34. Qd8+ Kf7 35. Qd7+ Kf8 36. Qd8+ Kf7 $11) 32. Bd4 Qd6 33. Qc3 Kf7 34. Be5 (34. Bg1 $17 {was necessary.}) 34... Qd1+ $19 35. Kh2 Bc5 36. Kg3 $2 (36. b4 Qg1+ 37. Kg3) 36... g5 {Precision: White = 27%, Black = 51%.} 0-1

[Event "37th Zalakaros Festival 2018"]
[Site "Zalakaros"]
[Date "2018.05.25"]
[Round "1"]
[White "Tancsa, Tamas"]
[Black "Ostovic, Matija"]
[Result "0-1"]
[WhiteElo "1924"]
[BlackElo "2352"]
[Annotator "TA"]
[PlyCount "78"]
[EventDate "2018.??.??"]
[EventType "swiss"]
[EventCountry "HUN"]
[SourceTitle "playchess.com"]
[Source "ChessBase"]
[SourceQuality "1"]

{[%evp 16,78,13,3,9,17,18,-22,-22,-24,-16,-29,-45,-35,-24,-32,-25,-18,-23,-24,-23,-43,-28,-72,-62,-47,0,-29,0,-18,0,-8,0,0,14,-50,9,0,0,-85,-85,-92,-87,-158,-169,-223,-213,-192,-213,-258,-258,-262,-216,-220,-195,-169,-157,-262,-244,-194,-213,-551,-426,-29995,-29996]} 1. e4 d6 2. d4 Nf6 3. Nc3 Nbd7 4. f4 e5 5. fxe5 dxe5 6. dxe5 Nxe5 7. Qxd8+ Kxd8 8. Bf4 Bd6 {B07: Pirc Defence: Miscellaneous Systems} 9. O-O-O {LiveBook: 3 Games} Ke7 10. Nf3 Nd3+ {The position is equal.} 11. cxd3 {aiming for e5.} Bxf4+ 12. Kc2 c6 13. h3 Nh5 $146 ({Predecessor:} 13... Rd8 14. d4 Be6 15. Bd3 b5 16. Kb1 {0-1 (73) Bodi,T (2043)-Grimm,D (2275) Balatonlelle 2013}) 14. Ne2 Ng3 15. Nxg3 Bxg3 16. d4 Rd8 17. Bc4 b5 18. Bb3 a5 {[%cal Ba7a5,Ba5a4][%mdl 32] Threatens to win with ...a4.} 19. a3 a4 20. Ba2 f5 21. e5 f4 22. Kc3 h6 23. Ne1 Bf5 24. Nd3 g5 25. Nc5 (25. Rhf1 $11) 25... h5 (25... Bf2 $15) 26. Nb7 Rd7 27. Nd6 (27. Nc5 $11) 27... Rxd6 $1 $17 28. exd6+ Kxd6 29. Bf7 (29. Bb1 $142 Bxb1 30. Rxb1) 29... Rh8 {[%mdl 1024] Black has strong compensation.} 30. Kb4 (30. Rd2 {keeps fighting.}) 30... Rh7 $1 $19 {[%cal Rh7f7]} 31. Ba2 Re7 $1 32. d5 c5+ $1 33. Kxb5 Rb7+ 34. Ka5 Rxb2 35. Bb1 {[#]} Bd7 $1 {Hoping for ...Bf2.} 36. Be4 {[#]} (36. Bg6 $17 {was called for.}) 36... Rb5+ $1 37. Ka6 Rb3 38. Ra1 $2 (38. Bd3 {nothing else works.}) 38... c4 {( -> ...Bf2)} 39. Ka5 (39. Raf1 $19 Rxa3 40. Bf3) 39... Bf2 {Precision: White = 30%, Black = 63%.} 0-1